Catálogo

Materiales sustentables y reciclados en la construcción / (Registro nro. 68196)

Detalles MARC
000 -LEADER
fixed length control field 01254nam a2200313 i 4500
001 - CONTROL NUMBER
control field 68196
003 - CONTROL NUMBER IDENTIFIER
control field Mx-PuUPA
005 - DATE AND TIME OF LATEST TRANSACTION
control field 20251022130417.0
008 - FIXED-LENGTH DATA ELEMENTS--GENERAL INFORMATION
fixed length control field 190614s2015 xxuad||fr|||| 001 0 spa d
020 ## - INTERNATIONAL STANDARD BOOK NUMBER
International Standard Book Number 9788494341809
040 ## - CATALOGING SOURCE
Original cataloging agency Mx-PuUPA
Language of cataloging spa
Transcribing agency Mx-PuUPA
Modifying agency Mx-PuUPA
Description conventions rda
041 0# - LANGUAGE CODE
Language code of text/sound track or separate title spa
245 1# - TITLE STATEMENT
Title Materiales sustentables y reciclados en la construcción /
Statement of responsibility, etc. editores, Gonzalo Martínez Barrera, Juan Bosco Hernández Zaragoza, Teresa López Lara, Carmina Menchaca Campos
264 #1 - PRODUCTION, PUBLICATION, DISTRIBUTION, MANUFACTURE, AND COPYRIGHT NOTICE
Place of production, publication, distribution, manufacture [Lugar de publicación no identificado] :
Name of producer, publisher, distributor, manufacturer OmniaScience (Omnia Publisher SL),
Date of production, publication, distribution, manufacture, or copyright notice ©2015
300 ## - PHYSICAL DESCRIPTION
Extent 147 páginas :
Other physical details ilustraciones, gráficas ;
Dimensions 25 cm
336 ## - CONTENT TYPE
Content type term texto
Fuente rdacontent
Content type code txt
337 ## - MEDIA TYPE
Media type term sin medio
Source rdamedia
Media type code n
338 ## - CARRIER TYPE
Carrier type term volumen
Source rdacarrier
Carrier type code nc
650 #4 - SUBJECT ADDED ENTRY--TOPICAL TERM
Topical term or geographic name entry element Materiales de construcción
650 #4 - SUBJECT ADDED ENTRY--TOPICAL TERM
Topical term or geographic name entry element Industria de materiales compuestos
700 1# - ADDED ENTRY--PERSONAL NAME
Personal name Martínez Barrera, Gonzalo,
Relator term editor
9 (RLIN) 9489
700 1# - ADDED ENTRY--PERSONAL NAME
Personal name Hernández Zaragoza, Juan Bosco,
Relator term autor
700 1# - ADDED ENTRY--PERSONAL NAME
Personal name López Lara, Teresa,
Relator term autor
700 1# - ADDED ENTRY--PERSONAL NAME
Personal name Menchaca Campos, Carmina,
Relator term autor
942 ## - ADDED ENTRY ELEMENTS (KOHA)
Source of classification or shelving scheme Dewey Decimal Classification
Koha item type Libro
Classification part 693.0286
Item part M425
Existencias
Withdrawn status Lost status Source of classification or shelving scheme Damaged status Not for loan Collection code Home library Current library Shelving location Date acquired Source of acquisition Total Checkouts Full call number Barcode Checked out Date last seen Date last checked out Price effective from Koha item type
    Dewey Decimal Classification     Magisterial Biblioteca Karol Wojtyla Biblioteca Karol Wojtyla Módulo de circulación 03/12/2013 Compra 1 693.0286 M425 2015 46199 20/06/2020 21/06/2019 21/06/2019 03/12/2013 Magisterial